000
00279nam a2200097Ia 4500
005
20251222154327.0
008
251222s9999||||xx |||||||||||||| ||spa||
082
_a
REF.985.008/C76/T.XXII/V.I
245
0
_a
Documentación oficial española: Gobierno virreynal del Cuzco
942
_c
LIB
999
_c
34012
_d
34012